000 00417nam a22001457a 4500
003 MACL
005 20170623123027.0
008 170623b xxu||||| |||| 00| 0 eng d
040 _c MACL
100 _aGandotra, Dr. Rama
_967163
245 _aPanchayati Raj Institutions and Rural Development
260 _aNew Delhi
_bCrescent Publishing Corpiration
_c2015
650 _aSocial Science
_967754
942 _2ddc
_cBK
999 _c56634
_d56634